Biopsychology / (Record no. 6967)

MARC details
000 -LEADER
fixed length control field 01357pam a22003854a 4500
001 - CONTROL NUMBER
control field 1464692
003 - CONTROL NUMBER IDENTIFIER
control field OSt
005 - DATE AND TIME OF LATEST TRANSACTION
control field 20210531160948.0
008 - FIXED-LENGTH DATA ELEMENTS--GENERAL INFORMATION
fixed length control field 071101s2009 maua b 001 0 eng
010 ## - LIBRARY OF CONGRESS CONTROL NUMBER
LC control number 2007044799
015 ## - NATIONAL BIBLIOGRAPHY NUMBER
National bibliography number GBA781219
Source bnb
016 7# - NATIONAL BIBLIOGRAPHIC AGENCY CONTROL NUMBER
Record control number 014056777
Source Uk
020 ## - INTERNATIONAL STANDARD BOOK NUMBER
International Standard Book Number 9780205548927
020 ## - INTERNATIONAL STANDARD BOOK NUMBER
International Standard Book Number 020554892X
040 ## - CATALOGING SOURCE
Original cataloging agency DLC
Transcribing agency DLC
Modifying agency YDX
-- UKM
-- BAKER
-- BTCTA
-- YDXCP
041 0# - LANGUAGE CODE
Language code of text/sound track or separate title eng
042 ## - AUTHENTICATION CODE
Authentication code pcc
-- nlmcopyc
050 00 - LIBRARY OF CONGRESS CALL NUMBER
Classification number QP360
Item number .P463 2009
082 00 - DEWEY DECIMAL CLASSIFICATION NUMBER
Classification number 573.8 PIN 2009
100 1# - MAIN ENTRY--PERSONAL NAME
Personal name Pinel, John P. J.
9 (RLIN) 14294
245 10 - TITLE STATEMENT
Title Biopsychology /
Statement of responsibility, etc. John P.J. Pinel.
250 ## - EDITION STATEMENT
Edition statement 7th ed.
260 ## - PUBLICATION, DISTRIBUTION, ETC. (IMPRINT)
Place of publication, distribution, etc. Boston :
Name of publisher, distributor, etc. Pearson/Allyn and Bacon,
Date of publication, distribution, etc. c2009.
300 ## - PHYSICAL DESCRIPTION
Extent xxx, 578 p. :
Other physical details ill. (chiefly col.) ;
Dimensions 29 cm.
336 ## - CONTENT TYPE
Content type term text
Content type code txt
Source rdacontent
337 ## - MEDIA TYPE
Media type term unmediated
Media type code n
Source rdamedia
338 ## - CARRIER TYPE
Carrier type term volume
Carrier type code nc
Source rdacarrier
504 ## - BIBLIOGRAPHY, ETC. NOTE
Bibliography, etc Includes bibliographical references (p. 506-558) and index.
650 12 - SUBJECT ADDED ENTRY--TOPICAL TERM
Topical term or geographic name as entry element Psychophysiology
General subdivision methods
Authority record control number https://id.nlm.nih.gov/mesh/D011603Q000379
9 (RLIN) 14295
650 22 - SUBJECT ADDED ENTRY--TOPICAL TERM
Topical term or geographic name as entry element Behavior
General subdivision physiology
Authority record control number https://id.nlm.nih.gov/mesh/D001519Q000502
9 (RLIN) 14140
650 22 - SUBJECT ADDED ENTRY--TOPICAL TERM
Topical term or geographic name as entry element Brain
General subdivision physiology
Authority record control number https://id.nlm.nih.gov/mesh/D001921Q000502
9 (RLIN) 14296
650 22 - SUBJECT ADDED ENTRY--TOPICAL TERM
Topical term or geographic name as entry element Brain Diseases
General subdivision physiopathology
Authority record control number https://id.nlm.nih.gov/mesh/D001927Q000503
9 (RLIN) 14297
942 ## - ADDED ENTRY ELEMENTS (KOHA)
Source of classification or shelving scheme Dewey Decimal Classification
Koha item type Open Shelf
Holdings
Withdrawn status Lost status Source of classification or shelving scheme Damaged status Not for loan Home library Current library Date acquired Source of acquisition Inventory number Total Checkouts Full call number Barcode Date last seen Price effective from Koha item type
    Dewey Decimal Classification     MUST Main Library MUST Main Library 31/05/2021 Purchase 10/32336   573.8 PIN 2009 2021-0603 31/05/2021 31/05/2021 Open Shelf